Open Data Biblioteca Nacional de Portugal


República Portuguesa: Ministério da Cultura
Biblioteca Nacional de Portugal

Catálogo da BNP: acesso por Identificadores Unívocos
Registos Bibliográficos associados ao registo de autoridade

Etiqueta de registo: 00254nam 2200025 450
001 2288485
003 http://id.bnportugal.gov.pt/bib/catbnp/2288485
100 ## $a20260622d2025 k y0pory01030103ba
101 0# $apor$deng
102 ## $aPT
105 ## $aa m 000yy
106 ## $ar
200 1# $aProjetar o (in)visível$fBárbara Neves Formiga$gorient. Jorge Cruz Pinto, Francisco Rebelo
210 #9 $aLisboa$c[s.n.],$d2025
215 ## $aXIII, 765 p.$cil.$d31 cm
328 #1 $aTese doutoramento Arquitetatura (Teoria Prática de projeto), Universidade de Lisboa, Faculdade de Arquitetura, 2025
675 ## $a72.01(043)$vBN$zpor$31217216
675 ## $a159.942(043)$vBN$zpor$3810712
700 #1 $aFormiga,$bBárbara Neves$32001257
702 #1 $aPinto,$bJorge Filipe$4727$3707441
702 #1 $93$aRebelo,$bFrancisco$4727$32001258
801 #0 $aPT$bBN$gRPC
966 ## $lBN$mFGMON$x1
971 ## $cjbeatriz$d20260622
973 ## $ctrodrigues$d20260702
974 ## $e0$d20260703$vaalmeid

OpendataBNP@bnportugal.pt | Mais informação sobre acesso aos dados BNP